Los comentarios del Mayor Thompson /

Uloženo v:
Podrobná bibliografie
Hlavní autor: Daninos, Pierre (autor)
Další autoři: Gutiérrez González, Fernando (traducción) (traducción)
Médium: Kniha
Jazyk:španělština
Vydáno: Barcelona, España : Planeta, 1978, c1978
Edice:(Colección Popular Planeta ; 74)
Témata:
Tagy: Přidat tag
Žádné tagy, Buďte první, kdo vytvoří štítek k tomuto záznamu!

MARC

LEADER 00000nam^a2200000^a^4500
001 000282208
005 20250521000000.0
009 20260310111558.457
020 |a 84-320-2183-0 
037 |a Acervo Xavier Clavigero 
041 |a ESP 
082 |a 843.  |b DAN 
100 |a Daninos, Pierre  |e (autor) 
240 1 5 |a [Los comentarios del Mayor Thompson] 
245 1 4 |a Los comentarios del Mayor Thompson /  |c P. Daninos ; tr. por F. Gutiérrez González. 
264 4 |a Barcelona, España :  |b Planeta,  |c 1978, c1978 
300 |a 173 p. 
336 |a texto  |b txt  |2 rdacontenido 
337 |a sin mediación  |b n  |2 rdamedio 
338 |a volumen  |b nc  |2 rdasoporte 
440 4 |a (Colección Popular Planeta ;  |v 74) 
500 |a Traducción de: Les carnets du major W. Marmaduke Thompson: découverte de la France et des français 
545 0 |a Pierre Daninos (1913-2005), escritor francés que alcanzó gran éxito internacional por su sentido del humor, la crítica a las costumbres de la clase media francesa, sus novelas de detectives y, en particular, por su libro Les carnets du major Thompson, obra humorísticas sobre las relaciones entre Francia e Inglaterra durante la Segunda Guerra Mundial y en las que se comparan las sociedades francesa e inglesa de la época; a pesar de la buena recepción por el público, se le critica que difundió estos estereotipos nacionales sin cuestionarlos. Les carnets de major Thompson, publicados desde 1952 en el períodico Le Figaro, fueron recogidos en varios libros y fueron llevados a la pantalla grande por Preston Sturges en 1955. Prolífico autor, escribió, entre otros libros: Le sang des hommes; Méridiens; Eurique et Amerope; Passeport pour la nuit ou le Roi-Sommeil; Le carnet du bon Dieu; L'éternel second; Sonia, les autres et moi; Comment vivre avec ou sans Sonia; Les carnets du major Thompson; Le secret du major Thompson; Tout l'humour du monde; Vacances à tous prix (con ilustraciones de Jacques Charmoz, 1958), Un certain M. Blot; Daninoscope; Le 36e dessous; Le Jacassin, nouveau traité des idées reçues, folies bourgeoises et automatismes; Snobissimo ou le désir de paraître; Le pouvoir aux enfants; Sept variations sur le thème de la soif; Ludovic Morateur ou le plus que parfait; Le pyjama; Les nouveaux carnets du major W. Marmaduke Thompson; Les touristocrates; La première planète à droite en sortant par la voie lactée; Made in France; La composition d'histoire; Le veuf joyeux; La galerie des glaces; Auto-mémoires; La France dans tous ses états; La France prise aux mots; Profession: écrivain; Roland Garros 88; Candidement vôtre; 40 ans de vacances; Ah, vous écrivez toujours! y Les derniers carnets du major Thompson. 
649 |a XX 
650 |a Humor 
650 |a Crónicas Francesas 
650 |a Novela Francesa 
650 |a Libros de Viajes Franceses 
650 |a Libros de Viajes -  |z Francia 
650 |a Literatura Francesa -  |y Siglo XX 
650 |a Identidad Cultural -  |z Francia 
650 |a Identidad Nacional -  |z Francia 
650 |a Francia en la Literatura 
650 |a Francia -  |x Descripción 
700 |a Gutiérrez González, Fernando  |e (traducción) 
910 |a Fondo General 
920 |a Impresos - Libros 
930 |a Colección General 
940 |a Literatura 
905 |a 101 
901 |a 039642  |b IT1  |c LIT  |u 20250521 
902 |a https://opac.biblio.iteso.mx/vufind/Record/000282208